[Event "Polish Men's Championship"]
[Site "Poznan POL"]
[Date "2016.04.07"]
[EventDate "?"]
[Round "9.1"]
[Result "1-0"]
[White "Jan-Krzysztof Duda"]
[Black "Maciej Klekowski"]
[WhiteElo "2652"]
[BlackElo "2432"]
[PlyCount "125"]

1. e4 c5 2. Nf3 Nc6 3. d4 cxd4 4. Nxd4 Nf6 5. Nc3 e5 6. Ndb5
d6 7. Bg5 a6 8. Na3 b5 9. Bxf6 gxf6 10. Nd5 f5 11. c3 Bg7
12. exf5 Bxf5 13. Nc2 O-O 14. Nce3 Be6 15. g4 Ne7 16. Bg2 Nxd5
17. Bxd5 Rc8 18. Qf3 Bh6 19. Nf5 Bxf5 20. Qxf5 Qg5 21. Bxf7+
Kg7 22. Qxg5+ Bxg5 23. Be6 Rce8 24. Bd7 Rd8 25. Bf5 h5 26. h3
d5 27. Rd1 Rf6 28. Ke2 h4 29. Rd3 e4 30. Rd4 Rfd6 31. Rhd1 Bf6
32. R4d2 Bg5 33. Rc2 Kf6 34. Kf1 Ke5 35. Re2 Kf4 36. Kg2 Bf6
37. Rde1 Rb6 38. Re3 Ke5 39. R3e2 Kf4 40. Rd1 Rbd6 41. Rdd2
Re8 42. Rc2 Re7 43. a3 a5 44. Rc1 Re8 45. Rce1 Bd8 46. a4 bxa4
47. c4 Bc7 48. cxd5 Rxd5 49. Rxe4+ Rxe4 50. Rxe4+ Kg5 51. Rc4
Bd6 52. Kf3 Rc5 53. Rxa4 Rb5 54. Bd3 Rd5 55. Ke3 Re5+ 56. Kf3
Rd5 57. Bc4 Re5 58. Ra1 Rc5 59. b3 Be5 60. Re1 Kf6 61. Re4 Bb2
62. Ke2 Re5 63. Kd3 1-0

[Event "Bundesliga 2015/16"]
[Site "Dresden GER"]
[Date "2016.04.23"]
[EventDate "2015.09.18"]
[Round "14.1"]
[Result "1-0"]
[White "Jan-Krzysztof Duda"]
[Black "Grzegorz Gajewski"]
[WhiteElo "2645"]
[BlackElo "2646"]
[PlyCount "155"]

1. e4 c5 2. Nf3 d6 3. c3 Nf6 4. Bd3 Bg4 5. Bc2 Nc6 6. d3 e6
7. Nbd2 Be7 8. h3 Bh5 9. Qe2 Qc7 10. g4 Bg6 11. Nh4 Nd7
12. Ndf3 Nde5 13. Nxe5 dxe5 14. g5 O-O-O 15. Bd2 Kb8 16. O-O-O
Ka8 17. Kb1 b5 18. Qf3 Qd7 19. Nxg6 hxg6 20. Qxf7 Rdf8
21. Qxg6 Bd6 22. Bb3 c4 23. dxc4 Ne7 24. Qxg7 Rhg8 25. Qh6 Rh8
26. Qg7 Rhg8 27. Qh6 Rh8 28. g6 Rxh6 29. Bxh6 Rc8 30. c5 Rxc5
31. Bf8 Nxg6 32. Bxd6 Rc8 33. h4 a5 34. h5 Nf4 35. Bxe5 Qh7
36. Bc2 Nxh5 37. Rd6 Qf7 38. Ra6+ Kb7 39. Rxa5 Kb6 40. b4 Rd8
41. a4 Qf3 42. Rxb5+ Ka6 43. Rc1 Nf4 44. Bxf4 Qxf4 45. Rc5
Qxf2 46. Rc6+ Kb7 47. Rxe6 Qf7 48. Bb3 Qf3 49. Bd5+ Kb8
50. Rb6+ Kc7 51. Rb7+ Kc8 52. Rf7 Qe2 53. Rc2 Qd1+ 54. Kb2 Rh8
55. Rcf2 Qxa4 56. Rf8+ Rxf8 57. Rxf8+ Kc7 58. Bb3 Qb5 59. Rf7+
Kd6 60. Rf5 Qe2+ 61. Bc2 Kc6 62. Rc5+ Kb6 63. Rd5 Kc6 64. Kb3
Kb6 65. c4 Qf3+ 66. Rd3 Qf7 67. Kb2 Qe6 68. Rc3 Qf6 69. Bd3
Qf2+ 70. Kb3 Qf7 71. Ka3 Kc6 72. c5 Qf6 73. Kb3 Qf7+ 74. Bc4
Qf2 75. Bd5+ Kb5 76. c6 Qe1 77. Rc5+ Kb6 78. c7 1-0

[Event "Bundesliga 2015/16"]
[Site "Dresden GER"]
[Date "2016.04.24"]
[EventDate "2015.09.18"]
[Round "15.1"]
[Result "1-0"]
[White "Daniele Vocaturo"]
[Black "Jan-Krzysztof Duda"]
[WhiteElo "2570"]
[BlackElo "2645"]
[PlyCount "81"]

1. e4 c5 2. Nf3 e6 3. d4 cxd4 4. Nxd4 Nc6 5. Nc3 d6 6. g4 Nge7
7. Be3 a6 8. f4 Nxd4 9. Qxd4 Nc6 10. Qd2 b5 11. O-O-O Be7
12. h4 O-O 13. g5 Bb7 14. Rg1 Rc8 15. Qf2 b4 16. Na4 b3
17. axb3 Nb4 18. Bc5 Rxc5 19. Nxc5 Qb6 20. c3 Rc8 21. cxb4
Qxb4 22. Bc4 Rxc5 23. Rge1 Bxe4 24. Rxe4 d5 25. Re5 Rc8
26. Kb1 dxc4 27. bxc4 Qxc4 28. f5 Bf8 29. fxe6 fxe6 30. h5 Kh8
31. Qe2 Qf4 32. Rf1 Qd4 33. Rxe6 Rb8 34. Re1 Qd5 35. Re8 Rxe8
36. Qxe8 Qf5+ 37. Re4 a5 38. g6 a4 39. Qe6 Qxh5 40. Rf4 Qd1+
41. Ka2 1-0

[Event "European Individual Championship"]
[Site "Gjakova KOS"]
[Date "2016.05.13"]
[EventDate "2016.05.12"]
[Round "2.19"]
[Result "1/2-1/2"]
[White "Alexander Donchenko"]
[Black "Jan-Krzysztof Duda"]
[WhiteElo "2569"]
[BlackElo "2666"]
[PlyCount "52"]

1. d4 d5 2. c4 c6 3. Nf3 Nf6 4. Qb3 dxc4 5. Qxc4 Bf5 6. g3 e6
7. Bg2 Nbd7 8. O-O Be7 9. e3 O-O 10. Rd1 Qc7 11. Nc3 Nd5
12. Qe2 Nxc3 13. bxc3 Be4 14. Ne5 Bxg2 15. Nxd7 Qxd7 16. Kxg2
c5 17. e4 cxd4 18. cxd4 Rac8 19. a4 f5 20. Bf4 fxe4 21. Qxe4
Rc4 22. a5 Bd8 23. Re1 Rxd4 24. Qxe6+ Qxe6 25. Rxe6 Rd7 26. a6
bxa6 1/2-1/2

[Event "European Individual Championship"]
[Site "Gjakova KOS"]
[Date "2016.05.14"]
[EventDate "2016.05.12"]
[Round "3.28"]
[Result "1-0"]
[White "Jan-Krzysztof Duda"]
[Black "Sabino Brunello"]
[WhiteElo "2666"]
[BlackElo "2573"]
[PlyCount "139"]

1. e4 e5 2. Nf3 Nc6 3. d4 exd4 4. Nxd4 Bc5 5. Nb3 Bb6 6. Nc3
Nf6 7. Qe2 O-O 8. Be3 Re8 9. f3 d5 10. O-O-O d4 11. Bf2 Ng4
12. Kb1 Nxf2 13. Qxf2 d3 14. Qd2 dxc2+ 15. Qxc2 Qh4 16. Nd5
Be6 17. g3 Qh6 18. Qc3 Bxd5 19. Rxd5 Ne7 20. Rd1 Rad8 21. Bc4
Nc8 22. e5 Qe3 23. Qxe3 Bxe3 24. Na5 Rxd1+ 25. Rxd1 Nb6
26. Bb3 g5 27. Nxb7 Rxe5 28. Nd8 Rf5 29. Re1 Bc5 30. Nxf7 Kg7
31. Nd8 Bd6 32. Ne6+ Kf6 33. Nxc7 Re5 34. Rxe5 Kxe5 35. Nb5
Bb8 36. Kc2 a6 37. Nc3 Ba7 38. Bf7 Nd7 39. b4 Bg1 40. h3 h6
41. Bc4 Nb8 42. Kb3 Bf2 43. Ne2 Be1 44. Ka4 Kd6 45. a3 Kc7
46. f4 gxf4 47. gxf4 Kb6 48. f5 Nd7 49. Nf4 Bh4 50. Be6 Nf6
51. Nd5+ Nxd5 52. Bxd5 Bf6 53. Bc4 Bg7 54. Bd3 Bf6 55. Bc2 Be7
56. Bd1 Kc6 57. Kb3 Bf6 58. a4 Bg7 59. Be2 Kb6 60. a5+ Kb7
61. Kc4 Kc6 62. Bf3+ Kc7 63. b5 axb5+ 64. Kxb5 Kd6 65. Kb6 Ke5
66. Bg4 h5 67. a6 Kf4 68. Kb7 Bd4 69. f6 hxg4 70. hxg4 1-0

[Event "European Individual Championship"]
[Site "Gjakova KOS"]
[Date "2016.05.15"]
[EventDate "2016.05.12"]
[Round "4.12"]
[Result "1/2-1/2"]
[White "Jan-Krzysztof Duda"]
[Black "Mustafa Yilmaz"]
[WhiteElo "2666"]
[BlackElo "2603"]
[PlyCount "61"]

1. c4 e5 2. g3 c6 3. Nf3 e4 4. Nd4 d5 5. cxd5 Qxd5 6. Nc2 Nf6
7. Nc3 Qe5 8. d4 exd3 9. Qxd3 Bf5 10. Qe3 Qxe3 11. Nxe3 Be6
12. f3 Na6 13. Bd2 O-O-O 14. O-O-O b5 15. Nc2 Nb4 16. a3 Nxc2
17. Kxc2 Nd7 18. h4 Be7 19. Bh3 Bxh3 20. Rxh3 Ne5 21. Rhh1 Nc4
22. Bc1 Rxd1 23. Rxd1 Rd8 24. Rxd8+ Kxd8 25. a4 a6 26. h5 Nb6
27. b3 Kd7 28. Be3 Nd5 29. Nxd5 cxd5 30. g4 g6 31. Kd3 1/2-1/2

[Event "European Individual Championship"]
[Site "Gjakova KOS"]
[Date "2016.05.16"]
[EventDate "2016.05.12"]
[Round "5.14"]
[Result "1/2-1/2"]
[White "Zurab Sturua"]
[Black "Jan-Krzysztof Duda"]
[WhiteElo "2548"]
[BlackElo "2666"]
[PlyCount "41"]

1. Nf3 d5 2. g3 c6 3. Bg2 Bf5 4. c4 e6 5. O-O Nf6 6. d3 Be7
7. cxd5 exd5 8. Nc3 O-O 9. Nd4 Bg6 10. e4 Na6 11. Nde2 dxe4
12. dxe4 Nc5 13. Qc2 Qd3 14. Qxd3 Nxd3 15. Nf4 Nxc1 16. Raxc1
Rfd8 17. Rfd1 Kf8 18. h3 Rxd1+ 19. Rxd1 Rd8 20. Rxd8+ Bxd8
21. Kf1 1/2-1/2

[Event "European Individual Championship"]
[Site "Gjakova KOS"]
[Date "2016.05.17"]
[EventDate "2016.05.12"]
[Round "6.13"]
[Result "0-1"]
[White "Jan-Krzysztof Duda"]
[Black "Anton Demchenko"]
[WhiteElo "2666"]
[BlackElo "2589"]
[PlyCount "154"]

1. d4 Nf6 2. c4 g6 3. Nc3 Bg7 4. e4 O-O 5. f3 d6 6. Be3 Nc6
7. Qd2 a6 8. Nge2 Bd7 9. Bh6 b5 10. h4 e5 11. Bxg7 Kxg7 12. h5
bxc4 13. O-O-O Qe7 14. g4 Rab8 15. g5 Nxh5 16. Nd5 Qd8
17. Rxh5 gxh5 18. Nf6 Rh8 19. dxe5 Nxe5 20. Nd4 c5 21. Nc2 Ba4
22. f4 Bxc2 23. Qxc2 Nc6 24. Bxc4 Nd4 25. Qh2 Qb6 26. Nxh5+
Kf8 27. Nf6 Qb7 28. Rd2 h5 29. f5 Ke7 30. e5 Nf3 31. exd6+ Kd8
32. Qf4 Nxd2 33. Qxd2 Rf8 34. Qe2 h4 35. Bd5 Qa7 36. d7 Qb6
37. b3 Qd6 38. Qe3 h3 39. Qxh3 Qf4+ 40. Kb1 Qxg5 41. Qc3 Qg1+
42. Kc2 Qf2+ 43. Qd2 Qxd2+ 44. Kxd2 Ke7 45. Ne4 Kxd7 46. Kc3
a5 47. a3 Rfe8 48. Nxc5+ Kd6 49. Kd4 Re1 50. Bxf7 Rd1+ 51. Nd3
Ke7 52. Bc4 Kf6 53. Kc3 Kxf5 54. Kc2 Rg1 55. Nc5 Rg3 56. Bd3+
Kf4 57. Kc3 Rc8 58. b4 axb4+ 59. axb4 Ke5 60. Kc4 Rg4+ 61. Kb3
Rh8 62. Bb5 Kd6 63. Kc3 Rhh4 64. Nd3 Rg3 65. Bc4 Rg7 66. Ba6
Kd5 67. Nc5 Rh3+ 68. Bd3 Rg4 69. Nb3 Rc4+ 70. Kd2 Rxb4 71. Nc1
Rb2+ 72. Kc3 Rg2 73. Kb4 Rg1 74. Bc4+ Kd6 75. Nd3 Rg7 76. Nc5
Rh4 77. Nb3 Rgg4 0-1

[Event "European Individual Championship"]
[Site "Gjakova KOS"]
[Date "2016.05.19"]
[EventDate "2016.05.12"]
[Round "7.40"]
[Result "1/2-1/2"]
[White "Bogdan-Daniel Deac"]
[Black "Jan-Krzysztof Duda"]
[WhiteElo "2501"]
[BlackElo "2666"]
[PlyCount "119"]

1. c4 Nf6 2. Nf3 c5 3. Nc3 Nc6 4. g3 d5 5. d4 e6 6. cxd5 Nxd5
7. Bg2 Nf6 8. e3 Be7 9. O-O O-O 10. dxc5 Bxc5 11. a3 a6 12. b4
Ba7 13. Bb2 Qe7 14. Qc2 Rd8 15. Rfd1 Bd7 16. Ne4 Nxe4 17. Qxe4
Be8 18. Ne5 f6 19. Nxc6 Bxc6 20. Qc2 Bxg2 21. Kxg2 Rac8
22. Qb3 Kf7 23. Rxd8 Rxd8 24. Rd1 b5 25. Kg1 h6 26. Rd3 Bb6
27. Qd1 Rxd3 28. Qxd3 Qd8 29. Qe4 Qd5 30. Qxd5 exd5 31. Kg2 h5
32. h3 Ke6 33. Bd4 Bc7 34. g4 hxg4 35. hxg4 a5 36. bxa5 Bxa5
37. Kf3 Bc7 38. Bc5 g6 39. Ke2 f5 40. gxf5+ Kxf5 41. f3 Be5
42. Kd3 Ke6 43. Bb4 Kd7 44. Bc5 Kc6 45. Bb4 Kb6 46. Kd2 Bg7
47. Kd3 Kc6 48. Be7 Be5 49. Bb4 Bf6 50. Bf8 Kd7 51. Bb4 Ke6
52. Bc5 Kf5 53. Bd6 g5 54. Bc5 g4 55. fxg4+ Kxg4 56. e4 dxe4+
57. Kxe4 Bb2 58. Kd5 Bxa3 59. Bxa3 b4 60. Bxb4 1/2-1/2

[Event "European Individual Championship"]
[Site "Gjakova KOS"]
[Date "2016.05.20"]
[EventDate "2016.05.12"]
[Round "8.39"]
[Result "1-0"]
[White "Jan-Krzysztof Duda"]
[Black "Eylon Nakar"]
[WhiteElo "2666"]
[BlackElo "2498"]
[PlyCount "78"]

1. e4 e6 2. d3 d5 3. Qe2 dxe4 4. dxe4 e5 5. Nf3 Nd7 6. Nbd2
Bc5 7. Nb3 Bb6 8. a4 c6 9. a5 Bc7 10. Bd2 Qe7 11. g3 Ngf6
12. Qc4 O-O 13. Nh4 Nb8 14. Bb4 Bd6 15. Bxd6 Qxd6 16. Bg2 Be6
17. Qc3 Na6 18. O-O Rfd8 19. Rfe1 Nd7 20. Bf1 Qb4 21. Qe3 Nac5
22. Nxc5 Qxc5 23. Qc1 Nf6 24. c3 Ng4 25. Qc2 Bc4 26. b4 Qb5
27. Rad1 g6 28. Bh3 Nf6 29. Qc1 Qa4 30. Nf5 Rxd1 31. Rxd1 Nxe4
32. Re1 gxf5 33. Bxf5 Nd6 34. Qg5+ Kf8 35. Qh6+ Ke7 36. Rxe5+
Be6 37. Rxe6+ fxe6 38. Qxe6+ Kf8 39. Qxd6+ Ke8 1-0

[Event "European Individual Championship"]
[Site "Gjakova KOS"]
[Date "2016.05.21"]
[EventDate "2016.05.12"]
[Round "9.24"]
[Result "1/2-1/2"]
[White "Mikhail Antipov"]
[Black "Jan-Krzysztof Duda"]
[WhiteElo "2576"]
[BlackElo "2666"]
[PlyCount "49"]

1. e4 c5 2. Nf3 d6 3. d4 cxd4 4. Nxd4 Nf6 5. Nc3 a6 6. Bg5 e6
7. Qe2 h6 8. Bh4 g5 9. Bg3 e5 10. Nf5 Bxf5 11. exf5 Qd7 12. h4
Rg8 13. hxg5 hxg5 14. Qf3 Qc6 15. O-O-O g4 16. Qd3 Nbd7
17. Kb1 Rc8 18. Be2 Nc5 19. Qe3 Nce4 20. Rd3 Be7 21. a3 Nc5
22. Rdd1 Nce4 23. Rd3 Nc5 24. Rdd1 Nce4 25. Rd3 1/2-1/2

[Event "European Individual Championship"]
[Site "Gjakova KOS"]
[Date "2016.05.22"]
[EventDate "2016.05.12"]
[Round "10.25"]
[Result "1-0"]
[White "Jan-Krzysztof Duda"]
[Black "Kaido Kulaots"]
[WhiteElo "2666"]
[BlackElo "2566"]
[PlyCount "81"]

1. e4 c5 2. Nf3 d6 3. d4 cxd4 4. Nxd4 Nf6 5. Nc3 a6 6. h3 e6
7. g4 Be7 8. Be3 Nfd7 9. g5 b5 10. a3 Bb7 11. h4 Nb6 12. Bg2
N8d7 13. f4 Nc4 14. Bc1 Rc8 15. Nce2 Qa5+ 16. c3 Qc7 17. Qc2
O-O 18. h5 Rfe8 19. g6 Bf6 20. b3 Na5 21. gxf7+ Kxf7 22. Be3
Kg8 23. Bf2 e5 24. fxe5 Nxe5 25. O-O-O Ng4 26. Bg1 Re5 27. Kb2
Rce8 28. Ng3 Rg5 29. Rh3 d5 30. exd5 Bxd5 31. Nxb5 axb5
32. Bxd5+ Kh8 33. Ne4 Rge5 34. h6 Rd8 35. hxg7+ Qxg7 36. Nxf6
Nxf6 37. Bf3 Rxd1 38. Qxd1 Re8 39. Bd4 Rd8 40. Be4 Kg8 41. Qf3
1-0

[Event "European Individual Championship"]
[Site "Gjakova KOS"]
[Date "2016.05.23"]
[EventDate "2016.05.12"]
[Round "11.20"]
[Result "1/2-1/2"]
[White "Marco Codenotti"]
[Black "Jan-Krzysztof Duda"]
[WhiteElo "2428"]
[BlackElo "2666"]
[PlyCount "120"]

1. e4 c5 2. c3 d5 3. exd5 Qxd5 4. d4 Nf6 5. Nf3 e6 6. Be2 cxd4
7. cxd4 Nc6 8. O-O Be7 9. Nc3 Qd6 10. Be3 O-O 11. Rc1 Rd8
12. Qd2 Nd5 13. Nxd5 Qxd5 14. Bc4 Qa5 15. Rfd1 Qxd2 16. Rxd2
Na5 17. Be2 b6 18. Bf4 Bb7 19. Rc7 Bb4 20. Rdc2 Be4 21. Rc1 h6
22. h3 Bd5 23. a3 Bf8 24. R1c3 Nb3 25. Bd1 Bxf3 26. Bxf3 Nxd4
27. Bxa8 Ne2+ 28. Kh2 Rxa8 29. g3 Nxc3 30. Rxc3 Bc5 31. Kg2
Bd4 32. Rc2 Rd8 33. Kf3 g5 34. Be3 Be5 35. a4 Kg7 36. b4 Rd3
37. Ke4 Rc3 38. Rxc3 Bxc3 39. a5 Bxb4 40. axb6 axb6 41. Bxb6
f5+ 42. Kf3 h5 43. Bd4+ Kg6 44. Be5 Kf7 45. Ke2 Ke7 46. Bb2
Bd6 47. Bc3 Kd7 48. Bd2 Be7 49. Kd3 Bd8 50. f3 g4 51. hxg4
hxg4 52. fxg4 fxg4 53. Ke4 Bc7 54. Bf4 Bd6 55. Be5 Kc6 56. Kf4
Bf8 57. Kxg4 Kd5 58. Bb2 Bd6 59. Kf3 Bxg3 60. Kxg3 e5 1/2-1/2

[Event "Chess Olympiad"]
[Site "Baku AZE"]
[Date "2016.09.09"]
[EventDate "2016.09.02"]
[Round "7.16"]
[Result "1-0"]
[White "Jan-Krzysztof Duda"]
[Black "Zhao Zong-Yuan"]
[WhiteElo "2675"]
[BlackElo "2550"]
[PlyCount "111"]

1. e4 e6 2. d4 d5 3. Nc3 Bb4 4. e5 c5 5. a3 Bxc3+ 6. bxc3 Ne7
7. Qg4 cxd4 8. Qxg7 Rg8 9. Qxh7 Qc7 10. Ne2 Nbc6 11. f4 dxc3
12. Be3 Bd7 13. Qd3 O-O-O 14. Nd4 Nxd4 15. Bxd4 Nf5 16. O-O-O
Nxd4 17. Qxd4 Kb8 18. h4 Rg4 19. Rd3 Rc8 20. g3 Rgg8 21. h5
Bb5 22. Re3 Qa5 23. Qb4 Qxb4 24. axb4 d4 25. Re1 Bxf1
26. Rexf1 Rxg3 27. Rd1 Rd8 28. Kb1 Kc8 29. h6 Rgg8 30. h7 Rh8
31. Ka2 b5 32. Kb3 Rdf8 33. Rxd4 f6 34. Rh6 fxe5 35. fxe5 Rf7
36. Rxe6 Rhxh7 37. Rd5 Rb7 38. Rc6+ Rhc7 39. Rcd6 Re7 40. Kxc3
Rbc7+ 41. Kb3 Rb7 42. e6 Rb6 43. Rxb6 axb6 44. Re5 Kd8 45. c3
Kc7 46. Kc2 Kd6 47. Rxb5 Rb7 48. Kd3 Kxe6 49. Rh5 Kd6 50. Rh6+
Kd5 51. c4+ Ke5 52. Kc3 b5 53. cxb5 Kd5 54. b6 Rd7 55. Kb3 Rd6
56. b7 1-0

[Event "Chess Olympiad"]
[Site "Baku AZE"]
[Date "2016.09.10"]
[EventDate "2016.09.02"]
[Round "8.11"]
[Result "0-1"]
[White "Jan-Krzysztof Duda"]
[Black "Viktor Laznicka"]
[WhiteElo "2675"]
[BlackElo "2651"]
[PlyCount "90"]

1. e4 e5 2. Nf3 Nc6 3. Bb5 Nf6 4. d3 Bc5 5. Bxc6 dxc6 6. Nbd2
Nd7 7. Nc4 O-O 8. Qe2 Re8 9. h4 b5 10. Ne3 Nf8 11. Bd2 a5
12. O-O-O a4 13. Kb1 b4 14. Nf5 b3 15. Bc3 Bxf5 16. exf5 Bd4
17. Qd2 c5 18. cxb3 axb3 19. a3 Nd7 20. Rhe1 Qf6 21. Bxd4 cxd4
22. g4 h5 23. gxh5 Qxf5 24. Ng5 Nf6 25. h6 gxh6 26. Ne4 Nxe4
27. dxe4 Qf6 28. Rc1 c6 29. Qd3 Kh7 30. f4 exf4 31. Qxb3 Re6
32. Rc5 Qxh4 33. Rf1 Qg3 34. Rf3 Qe1+ 35. Ka2 Qxe4 36. Rh3 Rd8
37. Rch5 Rd5 38. Rxd5 cxd5 39. a4 Qf5 40. Rh1 f3 41. a5 f2
42. Qd1 d3 43. Ka3 d2 44. b4 Re1 45. Qxd2 Rxh1 0-1

[Event "Barcelona GM"]
[Site "Barcelona ESP"]
[Date "2016.10.22"]
[EventDate "2016.10.22"]
[Round "1.1"]
[Result "1-0"]
[White "Jan-Krzysztof Duda"]
[Black "Josep Manuel Lopez Martinez"]
[WhiteElo "2678"]
[BlackElo "2547"]
[PlyCount "113"]

1. d4 Nf6 2. c4 e6 3. Nc3 d5 4. cxd5 exd5 5. Bg5 c6 6. e3 Be7
7. Bd3 Nbd7 8. Nge2 Nb6 9. Bf4 Bg4 10. Qc2 Bh5 11. Ng3 Bg6
12. Nf5 Bxf5 13. Bxf5 g6 14. Bh3 Nh5 15. Be5 Bf6 16. O-O-O
Bxe5 17. dxe5 Qe7 18. f4 f5 19. g4 Qh4 20. Qg2 fxg4 21. Bxg4
O-O 22. Rhf1 Ng7 23. Rf3 Rae8 24. Kb1 Kh8 25. Rh3 Qe7 26. Rg1
Qf7 27. Bd1 Nf5 28. Bb3 Ne7 29. Ka1 Qg7 30. Ne2 c5 31. Rc1 Rc8
32. a3 a6 33. Rd1 Rcd8 34. Nc3 c4 35. Bc2 Qf7 36. Rg1 Rg8
37. Ne2 Nd7 38. Qg5 Rdf8 39. Rg4 Rg7 40. Nd4 Nc5 41. Qh6 Ne6
42. Rhg3 Nxd4 43. exd4 Rfg8 44. Rh3 Rf8 45. Qh4 b5 46. Qe1 Qe6
47. Rhg3 Rgf7 48. Qd2 Qb6 49. h4 a5 50. h5 gxh5 51. Rg5 h4
52. R3g4 b4 53. Rxh4 bxa3 54. bxa3 Rb8 55. Bxh7 Rg7 56. Bf5+
Kg8 57. Rh8+ 1-0

[Event "Barcelona GM"]
[Site "Barcelona ESP"]
[Date "2016.10.23"]
[EventDate "2016.10.22"]
[Round "2.4"]
[Result "1-0"]
[White "Jan-Krzysztof Duda"]
[Black "Miguel Munoz Pantoja"]
[WhiteElo "2678"]
[BlackElo "2471"]
[PlyCount "147"]

1. e4 d5 2. exd5 Qxd5 3. Nc3 Qa5 4. d4 Nf6 5. Nf3 Bg4 6. h3
Bxf3 7. Qxf3 c6 8. Bd2 Nbd7 9. O-O-O e6 10. g4 Bb4 11. a3 Bxc3
12. Qxc3 Qxc3 13. Bxc3 O-O-O 14. Bd2 Nf8 15. Be3 Nd5 16. Bg5
Rd7 17. c4 Nc7 18. Be2 Ng6 19. h4 h6 20. Be3 Rhd8 21. h5 Ne7
22. Kc2 f6 23. Rhg1 Ne8 24. b3 Nd6 25. Rge1 Nf7 26. Bf1 b6
27. f3 e5 28. dxe5 Rxd1 29. Rxd1 Rxd1 30. Kxd1 Nxe5 31. Be2
Kd7 32. b4 Kd6 33. c5+ Kc7 34. cxb6+ axb6 35. a4 Nd5 36. Bd2
b5 37. a5 Nc4 38. Be1 Ne5 39. Kc2 Nf4 40. Bd1 Nd5 41. Kb3 c5
42. bxc5 Nd3 43. Bd2 Nxc5+ 44. Ka3 Kb7 45. Bc2 Kc6 46. Bg6 Na6
47. Be8+ Kc5 48. Kb3 Nab4 49. Bf7 Na6 50. Be1 Ne7 51. Be8 Nc6
52. Bxc6 Kxc6 53. Bb4 Nc7 54. Kc2 Kd7 55. Kd3 Ke6 56. Kd4 Na6
57. Bf8 Kf7 58. Ba3 Ke6 59. f4 f5 60. g5 hxg5 61. fxg5 Kf7
62. Bd6 g6 63. h6 Kg8 64. Kd5 Kh7 65. Be5 Nb4+ 66. Kc5 Nd3+
67. Kxb5 Nxe5 68. a6 Nf7 69. a7 Nxg5 70. a8=Q Kxh6 71. Qh8+
Nh7 72. Kc5 g5 73. Kd5 f4 74. Ke4 1-0

[Event "Barcelona GM"]
[Site "Barcelona ESP"]
[Date "2016.10.24"]
[EventDate "2016.10.22"]
[Round "3.2"]
[Result "1/2-1/2"]
[White "Vadim Zvjaginsev"]
[Black "Jan-Krzysztof Duda"]
[WhiteElo "2673"]
[BlackElo "2678"]
[PlyCount "74"]

1. e4 e5 2. Nf3 Nc6 3. Bc4 Bc5 4. d3 Nf6 5. Nc3 d6 6. O-O Na5
7. Bb3 O-O 8. Bg5 h6 9. Bh4 c6 10. d4 Nxb3 11. axb3 exd4
12. Nxd4 g5 13. Bg3 d5 14. exd5 Nxd5 15. Na4 Bd6 16. Nxc6 bxc6
17. Bxd6 Qxd6 18. c4 Be6 19. Nc3 Rfd8 20. cxd5 Bxd5 21. Nxd5
Qxd5 22. Qh5 Kg7 23. f4 gxf4 24. Qg4+ Qg5 25. Rxf4 Qxg4
26. Rxg4+ Kf8 27. Rga4 Rd2 28. Rxa7 Rxa7 29. Rxa7 Rxb2 30. Rc7
Rxb3 31. Rxc6 Kg7 32. Rc4 Rb2 33. Rg4+ Kh7 34. Rf4 Kg7
35. Rg4+ Kh7 36. Rf4 Kg7 37. Rg4+ Kh7 1/2-1/2

[Event "Barcelona GM"]
[Site "Barcelona ESP"]
[Date "2016.10.25"]
[EventDate "2016.10.22"]
[Round "4.3"]
[Result "1-0"]
[White "Jan-Krzysztof Duda"]
[Black "Arkadij Naiditsch"]
[WhiteElo "2678"]
[BlackElo "2684"]
[PlyCount "73"]

1. e4 e5 2. Nf3 Nc6 3. Nc3 Nf6 4. Bb5 Nd4 5. Ba4 c6 6. Nxe5 d6
7. Nf3 Bg4 8. d3 d5 9. exd5 Nxd5 10. O-O Bb4 11. Qe1+ Ne6
12. Ne5 Bh5 13. Qe4 O-O 14. Nxc6 bxc6 15. Nxd5 cxd5 16. Qxb4
Rb8 17. Qc3 Qh4 18. f4 Rbc8 19. Qe1 Qf6 20. Qe5 Qxe5 21. fxe5
Nc5 22. Bb5 a6 23. b4 Nb3 24. cxb3 axb5 25. Rf2 f6 26. Bb2
fxe5 27. Bxe5 Rfe8 28. Bd4 Be2 29. a4 Bxd3 30. Rd2 Bc2
31. axb5 Bxb3 32. Ra7 Rc1+ 33. Kf2 Bc4 34. Rxg7+ Kf8 35. b6
Ra8 36. b7 Rb8 37. Rxh7 1-0

[Event "Barcelona GM"]
[Site "Barcelona ESP"]
[Date "2016.10.26"]
[EventDate "2016.10.22"]
[Round "5.3"]
[Result "1/2-1/2"]
[White "Fernando Peralta"]
[Black "Jan-Krzysztof Duda"]
[WhiteElo "2577"]
[BlackElo "2678"]
[PlyCount "82"]

1. d4 Nf6 2. c4 e6 3. Nc3 Bb4 4. e3 O-O 5. Bd3 c5 6. Nf3 d5
7. O-O cxd4 8. exd4 dxc4 9. Bxc4 b6 10. Re1 Bb7 11. Bd3 Nc6
12. a3 Be7 13. Bc2 Re8 14. Qd3 g6 15. Bh6 Nd5 16. Ne4 Rc8
17. Bb3 Bf8 18. Bg5 Be7 19. Bxd5 exd5 20. Bxe7 Rxe7 21. Nc3
Kg7 22. h3 Rcc7 23. Rxe7 Rxe7 24. Re1 Rxe1+ 25. Nxe1 Bc8
26. Qe3 Qe7 27. Qxe7 Nxe7 28. Nc2 Bd7 29. f3 Kf6 30. Kf2 Ke6
31. g4 g5 32. Ne3 Kd6 33. Kg3 f6 34. h4 h6 35. f4 a6 36. hxg5
hxg5 37. f5 Bc6 38. Kf2 Ng8 39. Ke2 Nh6 40. Ncd1 Nf7 41. b3
Bd7 1/2-1/2

[Event "Barcelona GM"]
[Site "Barcelona ESP"]
[Date "2016.10.27"]
[EventDate "2016.10.22"]
[Round "6.2"]
[Result "1-0"]
[White "Jan-Krzysztof Duda"]
[Black "Hipolito Asis Gargatagli"]
[WhiteElo "2678"]
[BlackElo "2499"]
[PlyCount "105"]

1. Nf3 c5 2. e4 d6 3. d4 cxd4 4. Nxd4 Nf6 5. Nc3 a6 6. Bg5
Nbd7 7. Bc4 e6 8. O-O Qa5 9. Qd2 h6 10. Be3 Ne5 11. Bb3 Be7
12. f3 Bd7 13. a4 Rc8 14. Rfd1 Qc7 15. Nce2 Qb8 16. Ng3 Nc4
17. Bxc4 Rxc4 18. b3 Rc8 19. c4 O-O 20. a5 Rfe8 21. Nde2 Bc6
22. Bf4 Qa7+ 23. Kh1 Red8 24. Qb2 Ne8 25. Rac1 Bf6 26. Qd2 Be5
27. Nf1 Qf2 28. Bxe5 dxe5 29. Qe3 Qh4 30. Kg1 Rxd1 31. Rxd1
Rd8 32. Rxd8 Qxd8 33. Qd2 Qe7 34. Ne3 Nf6 35. b4 Nd7 36. Kf1
Nf8 37. Nc1 Ng6 38. Nd3 Qg5 39. Nc5 Kh7 40. Ke1 Qh4+ 41. g3
Qe7 42. Kd1 f5 43. Kc2 Qf6 44. Nd1 fxe4 45. fxe4 Qf1 46. Kb3
Nh8 47. Nc3 Nf7 48. Qd3 Qf6 49. b5 Qe7 50. Nxa6 bxa6 51. bxc6
Qc5 52. Qd7 Nd6 53. c7 1-0

[Event "Barcelona GM"]
[Site "Barcelona ESP"]
[Date "2016.10.28"]
[EventDate "2016.10.22"]
[Round "7.4"]
[Result "1-0"]
[White "David Anton Guijarro"]
[Black "Jan-Krzysztof Duda"]
[WhiteElo "2628"]
[BlackElo "2678"]
[PlyCount "97"]

1. d4 Nf6 2. c4 e6 3. Nf3 b6 4. g3 Ba6 5. b3 Bb4+ 6. Bd2 Be7
7. Nc3 c6 8. e4 d5 9. Bd3 dxe4 10. Nxe4 Nbd7 11. Bc3 Bb7
12. Qe2 O-O 13. Neg5 h6 14. Nxe6 fxe6 15. Qxe6+ Rf7 16. Bg6
Qe8 17. O-O Nf8 18. Bxf7+ Qxf7 19. Qxf7+ Kxf7 20. Rfe1 N6d7
21. a4 a6 22. Re3 Rd8 23. h4 Bf6 24. Rae1 Nb8 25. a5 b5
26. Bb4 Bc8 27. Be7 Re8 28. Bd6 Rxe3 29. fxe3 Nbd7 30. c5 Ne6
31. Kf2 g5 32. hxg5 Nxg5 33. Nxg5+ hxg5 34. Ke2 Bd8 35. Rf1+
Kg6 36. d5 Bxa5 37. dxc6 Nf6 38. Kd3 Bb4 39. e4 g4 40. Be5 Nh7
41. Kd4 Be6 42. c7 a5 43. Bd6 Ba3 44. Ke5 Bd7 45. c6 Bb2+
46. Kd5 Bc8 47. e5 a4 48. bxa4 bxa4 49. Rb1 1-0

[Event "ch-POL Rapid"]
[Site "Zgierz POL"]
[Date "2017.01.08"]
[EventDate "2017.01.08"]
[Round "1.2"]
[Result "0-1"]
[White "Marcin Paziewski"]
[Black "Jan-Krzysztof Duda"]
[WhiteElo "1655"]
[BlackElo "2684"]
[PlyCount "49"]

1. d4 Nf6 2. c4 e6 3. Nc3 Bb4 4. f3 O-O 5. a3 Bxc3+ 6. bxc3
Nh5 7. Be3 f5 8. Bf2 Nc6 9. e4 fxe4 10. fxe4 Qf6 11. Nf3 Qg6
12. e5 Nf4 13. g3 Qe4+ 14. Kd2 b6 15. gxf4 Qxf4+ 16. Be3 Qxf3
17. Qxf3 Rxf3 18. Bg2 Rf8 19. d5 Nxe5 20. dxe6 c6 21. exd7
Bxd7 22. Bd4 Nxc4+ 23. Kc2 Bf5+ 24. Kb3 Be4 25. Bh3 0-1

[Event "ch-POL Rapid"]
[Site "Zgierz POL"]
[Date "2017.01.08"]
[EventDate "2017.01.08"]
[Round "2.2"]
[Result "1-0"]
[White "Jan-Krzysztof Duda"]
[Black "Tomasz Delega"]
[WhiteElo "2684"]
[BlackElo "2004"]
[PlyCount "59"]

1. d4 e6 2. c4 f5 3. g3 Bb4+ 4. Nd2 Nf6 5. Bg2 O-O 6. Nf3 Qe8
7. a3 Bxd2+ 8. Nxd2 d6 9. b4 a5 10. Bb2 c6 11. c5 dxc5
12. bxc5 Na6 13. Nc4 Nd5 14. Qd2 a4 15. f3 f4 16. Kf2 Nac7
17. Rag1 Ra6 18. Bf1 b6 19. gxf4 Qe7 20. cxb6 Nxb6 21. e3 Nxc4
22. Bxc4 Qh4+ 23. Rg3 Rb6 24. d5 g6 25. d6 Nd5 26. Qd4 Qf6
27. Qxb6 Nxb6 28. Bxf6 Rxf6 29. Ba2 Rf8 30. e4 1-0